[Event "Olympiad-42"]
[Site "Baku"]
[Date "2016.09.12"]
[Round "10.3"]
[White "Macias Murillo, Bryan"]
[Black "Kulpruethanon, Thanadon"]
[Result "0-1"]
[WhiteElo "2276"]
[BlackElo "2235"]
[PlyCount "148"]
[EventDate "2016.09.02"]
[EventType "team-swiss"]
[EventRounds "11"]
[EventCountry "AZE"]
[SourceTitle "CBM 175"]
[Source "ChessBase"]
[SourceDate "2016.11.10"]
[SourceVersion "1"]
[SourceVersionDate "2016.11.10"]
[SourceQuality "1"]
[WhiteTeam "Ecuador"]
[BlackTeam "Thailand"]
[WhiteTeamCountry "ECU"]
[BlackTeamCountry "THA"]

1. d4 d5 2. c4 c6 3. Nf3 Nf6 4. e3 Bf5 5. Nc3 e6 6. Qb3 Qb6 7. Qxb6 axb6 8. Nh4 Bc2 9. Bd2 h6 10. Rc1 Bh7 11. a3 Nbd7 12. Nf3 Be7 13. Be2 0-0 14. 0-0 Rfd8 15. Rfd1 Ne8 16. Be1 Nd6 17. Nd2 Nf6 18. f3 c5 19. dxc5 Nf5 20. Bf2 Bxc5 21. e4 Ne3 22. Re1 dxe4 23. b4 Rxd2 24. bxc5 Nc2 25. Nb1 e3 26. Bxe3 Rdd8 27. Rxc2 Bxc2 28. cxb6 Nd7 29. Kf2 Ne5 30. c5 Ba4 31. Rc1 Nd3+ 32. Bxd3 Rxd3 33. Nc3 Bc6 34. Ke2 Rdd8 35. Nb1 f6 36. Rc3 Bb5+ 37. Kf2 Rd3 38. Rc2 Rb3 39. Rc1 Rd8 40. Nc3 Bc6 41. Ke2 Rxa3 42. Rc2 Kf7 43. Bd2 e5 44. Rb2 Ke6 45. Nb1 Ra4 46. Be3 f5 47. Nd2 Rda8 48. g3 Ra2 49. Rb3 R8a3 50. Rb4 g5 51. f4 exf4 52. gxf4 Ra4 53. Rxa4 Rxa4 54. fxg5 f4 55. Bf2 hxg5 56. Nb3 Ra2+ 57. Ke1 Kd5 58. Nc1 Ra3 59. Kd2 Bb5 60. Ke1 Bc4 61. Kd2 Rh3 62. Bg1 g4 63. Ke1 Rh8 64. Kd2 g3 65. hxg3 fxg3 66. Ne2 Bxe2 67. Kxe2 Rf8 68. Be3 g2 69. Bf2 Ke4 70. Bg1 Rf1 71. c6 bxc6 72. b7 Rb1 73. Kf2 Rxb7 74. Kxg2 Rf7 0-1

[Event "Latin Cup 5th"]
[Site "Duran"]
[Date "2014.12.29"]
[Round "6"]
[White "Macias Murillo, Bryan"]
[Black "Matamoros Franco, Carlos S"]
[Result "0-1"]
[WhiteElo "2261"]
[BlackElo "2523"]
[PlyCount "106"]
[EventDate "2014.12.26"]
[EventType "swiss"]
[EventRounds "9"]
[EventCountry "ECU"]
[SourceTitle "CBM 164 Extra"]
[Source "ChessBase"]
[SourceDate "2015.03.02"]
[SourceVersion "1"]
[SourceVersionDate "2015.03.02"]
[SourceQuality "1"]

1. d4 Nf6 2. c4 c5 3. d5 b5 4. cxb5 a6 5. bxa6 g6 6. Nc3 Bg7 7. Nf3 0-0 8. g3 d6 9. Bg2 Nbd7 10. 0-0 Nb6 11. Ne1 Bxa6 12. Rb1 Nfd7 13. Bd2 Nc4 14. Bc1 Qa5 15. Nd3 Nxb2 16. Bxb2 Bxc3 17. Qc2 Bxb2 18. Rxb2 Bxd3 19. Qxd3 Rfb8 20. Rfb1 Rxb2 21. Rxb2 Ne5 22. Qd1 Qa3 23. Qc2 Ra4 24. h3 Rc4 25. Qb1 Rb4 26. Rxb4 cxb4 27. Be4 Qc3 28. Bc2 Qc4 29. Bd1 Qxd5 30. Bb3 Qd4 31. Qc2 Kg7 32. Qc7 Qe4 33. Qc2 Qb7 34. Qd2 Qb6 35. Kg2 Qc5 36. Qf4 h6 37. Qe4 e6 38. Kg1 Qc3 39. Kg2 Nd7 40. Qf4 d5 41. e4 dxe4 42. Qxe4 Nc5 43. Qb1 Nd3 44. Qd1 Ne1+ 45. Kf1 Nf3 46. Kg2 Nd4 47. Ba4 h5 48. h4 e5 49. Bb3 Qc6+ 50. f3 Qc3 51. Bd5 Qb2+ 52. Kh3 Qf2 53. Qh1 Nf5 0-1

[Event "ECU-ch"]
[Site "Guayaquil"]
[Date "2014.07.04"]
[Round "6"]
[White "Pazos Gambarrotti, Plinio Efrain"]
[Black "Macias Murillo, Bryan"]
[Result "1/2-1/2"]
[WhiteElo "2254"]
[BlackElo "2261"]
[PlyCount "68"]
[EventDate "2014.07.01"]
[EventType "tourn"]
[EventRounds "7"]
[EventCountry "ECU"]
[SourceTitle "CBM 161 Extra"]
[Source "ChessBase"]
[SourceDate "2014.08.29"]
[SourceVersion "1"]
[SourceVersionDate "2014.08.29"]
[SourceQuality "1"]

1. d4 Nf6 2. Nf3 c5 3. d5 b5 4. Bg5 Ne4 5. Bf4 Bb7 6. e3 Qa5+ 7. c3 Nf6 8. d6 e6 9. a4 a6 10. Nbd2 Qb6 11. Qb3 Nd5 12. Bg3 c4 13. Qa3 b4 14. cxb4 Bxd6 15. a5 Qc7 16. Bxd6 Qxd6 17. Nxc4 Qxb4+ 18. Qxb4 Nxb4 19. Ra4 Nc2+ 20. Kd2 Bc6 21. Ra2 Nb4 22. Ra3 Ke7 23. Nd4 Bd5 24. Nb6 Ra7 25. Ra4 N4c6 26. f3 Nxd4 27. Rxd4 Bc6 28. Bd3 Rb7 29. Rc1 g5 30. Rb4 Kd8 31. Rc3 h5 32. Rcb3 Kc7 33. Na8+ Kc8 34. Nb6+ Kc7 1/2-1/2

[Event "Badalona op-A 39th"]
[Site "Badalona"]
[Date "2013.08.03"]
[Round "2"]
[White "Macias Murillo, Bryan"]
[Black "Escobar Forero, Alder"]
[Result "0-1"]
[WhiteElo "2298"]
[BlackElo "2466"]
[PlyCount "136"]
[EventDate "2013.08.02"]
[EventType "swiss"]
[EventRounds "9"]
[EventCountry "ESP"]
[SourceTitle "CBM 155 Extra"]
[Source "ChessBase"]
[SourceDate "2013.08.26"]
[SourceVersion "1"]
[SourceVersionDate "2013.08.26"]
[SourceQuality "1"]

1. d4 Nf6 2. Nf3 d6 3. g3 g6 4. Bg2 Bg7 5. c4 0-0 6. Nc3 c6 7. 0-0 Qb6 8. Qc2 Nbd7 9. h3 Qa6 10. Nd2 Rb8 11. a4 e5 12. d5 Qb6 13. b3 Qc7 14. Ba3 Re8 15. Rac1 a6 16. Kh2 c5 17. Rce1 h5 18. Bc1 Nf8 19. e4 N8h7 20. Qd3 Qe7 21. Kh1 h4 22. Nf3 hxg3 23. fxg3 Nh5 24. Ng1 Bd7 25. Nge2 Bf6 26. Rf2 Bg5 27. Bxg5 Qxg5 28. Rd1 Rf8 29. g4 Ng7 30. Qg3 Ne8 31. Rg1 f6 32. Bf1 Rf7 33. h4 Qh6 34. Rh2 Qf8 35. Nc1 Rg7 36. Qe3 Qe7 37. Bd3 Nc7 38. a5 Rf8 39. N1e2 Ne8 40. Bc2 Qd8 41. g5 fxg5 42. hxg5 Qxa5 43. Kg2 Bg4 44. Rh4 Bf3+ 45. Kh2 Qd8 46. Bd1 Rgf7 47. Rg3 Bxe2 48. Bxe2 Rf4 49. Rhg4 Ng7 50. Rg2 Nh5 51. Qh3 R8f7 52. Qh4 Qe7 53. Nd1 Rxg4 54. Bxg4 Nf4 55. Be6 Nxg2 56. Bxf7+ Qxf7 57. Kxg2 Qe7 58. Qh3 Qxg5+ 59. Kf1 Qf4+ 60. Nf2 Ng5 61. Qc8+ Kg7 62. Qxb7+ Kh6 63. Qd7 Nxe4 64. Qh3+ Kg5 65. Qg2+ Kf5 66. Qh3+ Kf6 67. Qe6+ Kg5 68. Qe7+ Kh6 0-1

[Event "Andorra op 31st"]
[Site "La Massana"]
[Date "2013.07.28"]
[Round "9"]
[White "Macias Murillo, Bryan"]
[Black "Kjartansson, Gudmundur"]
[Result "1-0"]
[WhiteElo "2298"]
[BlackElo "2444"]
[PlyCount "77"]
[EventDate "2013.07.20"]
[EventType "swiss"]
[EventRounds "9"]
[EventCountry "AND"]
[SourceTitle "CBM 155 Extra"]
[Source "ChessBase"]
[SourceDate "2013.08.26"]
[SourceVersion "1"]
[SourceVersionDate "2013.08.26"]
[SourceQuality "1"]

1. d4 Nf6 2. Nf3 b6 3. e3 Bb7 4. Bd3 e6 5. Nbd2 d5 6. 0-0 Nbd7 7. c3 Ne4 8. Ne5 Nxe5 9. dxe5 Nc5 10. Be2 g6 11. f4 Bg7 12. b4 Nd7 13. Nf3 0-0 14. Bd2 Qe7 15. Be1 Rfc8 16. Bh4 Qe8 17. Qd2 a6 18. a4 c6 19. Rfb1 Rc7 20. Bd3 Bf8 21. Qe2 Qc8 22. Be1 Ra7 23. h4 a5 24. h5 axb4 25. cxb4 Qa8 26. Ng5 Bh6 27. Qg4 Nf8 28. Qh4 Bg7 29. h6 Bh8 30. Nh3 f6 31. exf6 Rf7 32. Bc3 Nd7 33. Ng5 Bxf6 34. Bxg6 hxg6 35. h7+ Kg7 36. Nxf7 d4 37. h8Q+ Qxh8 38. Qxh8+ Kxf7 39. Qh7+ 1-0

[Event "Capablanca Memorial op-A 48th"]
[Site "Havana"]
[Date "2013.04.22"]
[Round "2"]
[White "Morovic Fernandez, Ivan"]
[Black "Macias Murillo, Bryan"]
[Result "1-0"]
[WhiteElo "2560"]
[BlackElo "2298"]
[PlyCount "133"]
[EventDate "2013.04.21"]
[EventType "swiss"]
[EventRounds "10"]
[EventCountry "CUB"]
[SourceTitle "CBM 154 Extra"]
[Source "ChessBase"]
[SourceDate "2013.06.25"]
[SourceVersion "2"]
[SourceVersionDate "2013.06.25"]
[SourceQuality "1"]

1. b4 d5 2. Bb2 Nf6 3. Nf3 Bf5 4. e3 e6 5. c4 Be7 6. cxd5 exd5 7. a3 0-0 8. Be2 Nbd7 9. 0-0 h6 10. d3 Re8 11. Nbd2 Bd6 12. Qc2 Bh7 13. Nb3 Qe7 14. Rfc1 Ng4 15. Bd4 c6 16. Nc5 Nde5 17. Nxe5 Nxe5 18. Qc3 b6 19. Nb3 Rac8 20. Bxe5 Bxe5 21. d4 Bd6 22. Bd3 Bxd3 23. Qxd3 Qh4 24. g3 Qg4 25. b5 cxb5 26. Qxb5 Rcd8 27. Rc6 Bb8 28. Ra2 h5 29. Qe2 Qf5 30. Rac2 g6 31. Nd2 Kg7 32. Qf3 Qg5 33. h4 Qe7 34. R2c3 Rd6 35. a4 Qd7 36. Rxd6 Qxd6 37. Qd1 Qd7 38. Qb3 Rd8 39. Kg2 Qg4 40. Nf3 Qe4 41. Qc2 Qxc2 42. Rxc2 Kf6 43. a5 bxa5 44. Rc5 a4 45. Ra5 Ke7 46. Rxa4 f6 47. Ne1 Rd7 48. Nd3 Bd6 49. Ra5 Ke6 50. Ra6 Ke7 51. Kf3 Rc7 52. Ra5 Ke6 53. Ra6 Ke7 54. Nf4 Bxf4 55. Kxf4 Rd7 56. f3 Kf7 57. Ra5 Ke6 58. g4 hxg4 59. fxg4 Kf7 60. h5 Kg7 61. Ra6 Rf7 62. hxg6 Kxg6 63. Rd6 Rb7 64. Rxd5 Rb1 65. Ra5 Rf1+ 66. Kg3 Rg1+ 67. Kf3 1-0

[Event "Olympiad-40"]
[Site "Istanbul"]
[Date "2012.09.06"]
[Round "9.2"]
[White "Macias Murillo, Bryan"]
[Black "Gallagher, Joseph G"]
[Result "1-0"]
[WhiteElo "2365"]
[BlackElo "2513"]
[PlyCount "89"]
[EventDate "2012.08.28"]
[EventType "team-swiss"]
[EventRounds "11"]
[EventCountry "TUR"]
[SourceTitle "CBM 151"]
[Source "ChessBase"]
[SourceDate "2012.11.13"]
[SourceVersion "1"]
[SourceVersionDate "2012.11.13"]
[SourceQuality "1"]
[WhiteTeam "Ecuador"]
[BlackTeam "Switzerland"]
[WhiteTeamCountry "ECU"]
[BlackTeamCountry "SUI"]

1. e4 c5 2. Nf3 d6 3. d4 cxd4 4. Nxd4 Nf6 5. Nc3 a6 6. Bc4 e6 7. Bb3 Nbd7 8. 0-0 Nc5 9. f4 Qc7 10. Qf3 Be7 11. f5 b5 12. Qg3 Nxb3 13. axb3 b4 14. Ncb5 Qb8 15. fxe6 axb5 16. Qxg7 Rf8 17. Rxa8 Qxa8 18. Bg5 fxe6 19. Bxf6 Bxf6 20. Rxf6 Rxf6 21. Qxf6 Qxe4 22. h3 Bd7 23. Qf2 e5 24. Nf3 Qf4 25. Ne1 Qc1 26. Qh4 Qe3+ 27. Kf1 d5 28. Qxh7 Qf4+ 29. Ke2 Qg5 30. Qd3 d4 31. Qe4 Ke7 32. Nd3 Kf6 33. g4 Be6 34. Nxb4 Qc1 35. Nc6 d3+ 36. Qxd3 Qh1 37. Qd8+ Kg7 38. Qe7+ Kh8 39. Qxe6 Qe4+ 40. Kf2 Qf4+ 41. Kg2 Qe4+ 42. Kg3 Qe1+ 43. Kf3 Qh1+ 44. Ke3 Qe1+ 45. Kd3 1-0

[Event "Olympiad-40"]
[Site "Istanbul"]
[Date "2012.09.05"]
[Round "8.3"]
[White "Macias Murillo, Bryan"]
[Black "Flores Rios, Mauricio"]
[Result "1-0"]
[WhiteElo "2365"]
[BlackElo "2498"]
[PlyCount "45"]
[EventDate "2012.08.28"]
[EventType "team-swiss"]
[EventRounds "11"]
[EventCountry "TUR"]
[SourceTitle "CBM 151"]
[Source "ChessBase"]
[SourceDate "2012.11.13"]
[SourceVersion "1"]
[SourceVersionDate "2012.11.13"]
[SourceQuality "1"]
[WhiteTeam "Ecuador"]
[BlackTeam "Chile"]
[WhiteTeamCountry "ECU"]
[BlackTeamCountry "CHI"]

1. e4 c5 2. Nf3 e6 3. d4 cxd4 4. Nxd4 a6 5. Nc3 b5 6. Be3 Bb7 7. f3 Qc7 8. Qd2 Nf6 9. g4 b4 10. Na4 d5 11. g5 Nfd7 12. 0-0-0 Qa5 13. b3 Nc5 14. Nxc5 Bxc5 15. Kb1 0-0 16. e5 Qb6 17. Qf2 a5 18. Bd3 Nc6 19. Nxc6 Bxe3 20. Bxh7+ Kh8 21. Qh4 Bxg5 22. Qxg5 Qxc6 23. Rhg1 1-0

[Event "Olympiad-39"]
[Site "Khanty-Mansiysk"]
[Date "2010.09.27"]
[Round "6.3"]
[White "Delchev, Aleksander"]
[Black "Macias Murillo, Bryan"]
[Result "1-0"]
[WhiteElo "2623"]
[BlackElo "2377"]
[PlyCount "53"]
[EventDate "2010.09.21"]
[EventType "team-swiss"]
[EventRounds "11"]
[EventCountry "RUS"]
[SourceTitle "CBM 139"]
[Source "ChessBase"]
[SourceDate "2010.11.18"]
[SourceVersion "1"]
[SourceVersionDate "2010.11.18"]
[SourceQuality "1"]
[WhiteTeam "Bulgaria"]
[BlackTeam "Ecuador"]
[WhiteTeamCountry "BUL"]
[BlackTeamCountry "ECU"]

1. d4 Nf6 2. c4 e6 3. Nf3 b6 4. g3 Ba6 5. Qc2 Bb7 6. Bg2 c5 7. d5 exd5 8. cxd5 Bxd5 9. Nc3 Bc6 10. e4 Na6 11. Ne5 Bb7 12. Bg5 h6 13. Qb3 Qe7 14. Bxf6 Qxf6 15. f4 Qe6 16. Bh3 Qxb3 17. Bxd7+ Ke7 18. axb3 Nb4 19. 0-0-0 Rd8 20. Bf5 Rd4 21. Nb5 g6 22. Nxd4 gxf5 23. Nxf5+ Ke6 24. Rhe1 Bxe4 25. Rxe4 Kxf5 26. Re2 f6 27. g4+ 1-0

[Event "Medellin IRT op 17th"]
[Site "Medellin"]
[Date "2010.08.05"]
[Round "3"]
[White "Munoz Galvez, Jhon Edison"]
[Black "Macias Murillo, Bryan"]
[Result "1-0"]
[WhiteElo "2251"]
[BlackElo "2370"]
[PlyCount "81"]
[EventDate "2010.08.04"]
[EventType "swiss"]
[EventRounds "9"]
[EventCountry "COL"]
[SourceTitle "EXT 2012"]
[Source "ChessBase"]
[SourceDate "2011.11.24"]
[SourceVersion "1"]
[SourceVersionDate "2011.11.24"]
[SourceQuality "1"]

1. d4 Nf6 2. Nf3 e6 3. g3 c5 4. Bg2 Be7 5. 0-0 0-0 6. c4 cxd4 7. Nxd4 d5 8. cxd5 Nxd5 9. e4 Nb4 10. Nc3 N8c6 11. Nde2 b6 12. a3 Nd3 13. Qa4 Nce5 14. Bf4 Nxf4 15. gxf4 Ng6 16. e5 Bd7 17. Qe4 Rc8 18. Rfd1 Qe8 19. Qb7 Bc6 20. Bxc6 Qxc6 21. Qxc6 Rxc6 22. Rd7 a6 23. Rad1 b5 24. f5 exf5 25. Nd4 Rc4 26. Nd5 Bc5 27. Nxf5 Rc2 28. b4 Bxf2+ 29. Kh1 Kh8 30. Nde7 Nxe7 31. Rxe7 Kg8 32. Rdd7 Re2 33. Nd6 Bh4 34. Rxf7 Rxf7 35. Nxf7 Kf8 36. Rc7 Re3 37. Kg2 Be7 38. Nd6 Bxd6 39. exd6 Rxa3 40. Rc8+ Kf7 41. d7 1-0

[Event "Capablanca Memorial op 45th"]
[Site "Havana"]
[Date "2010.06.16"]
[Round "6"]
[White "Macias Murillo, Bryan"]
[Black "Guerrero Vargas, Andres Jesus"]
[Result "1-0"]
[WhiteElo "2347"]
[BlackElo "2164"]
[PlyCount "109"]
[EventDate "2010.06.10"]
[EventType "swiss"]
[EventRounds "10"]
[EventCountry "CUB"]
[SourceTitle "CBM 137 Extra"]
[Source "ChessBase"]
[SourceDate "2010.09.01"]
[SourceVersion "1"]
[SourceVersionDate "2010.09.01"]
[SourceQuality "1"]

1. Nf3 Nf6 2. c4 e6 3. g3 b6 4. Bg2 Bb7 5. 0-0 Be7 6. b3 0-0 7. Bb2 d5 8. cxd5 Nxd5 9. d4 c5 10. e4 Nf6 11. e5 Nd5 12. Nbd2 Nc6 13. dxc5 Bxc5 14. Ne4 Be7 15. a3 b5 16. Qe2 Qb6 17. b4 a5 18. Nc5 Rfd8 19. Nxb7 Qxb7 20. bxa5 Rxa5 21. Nd2 Qb6 22. Ne4 b4 23. axb4 Ndxb4 24. Rxa5 Qxa5 25. Ra1 Qb6 26. Nd6 Bxd6 27. exd6 Rxd6 28. Ba3 Rd8 29. Qb2 Qb8 30. Qc3 Rd3 31. Qc5 Qa8 32. Qxb4 Nxb4 33. Bxa8 Nc2 34. Be4 Rxa3 35. Rb1 Ra1 36. Bxc2 Rxb1+ 37. Bxb1 Kf8 38. Kg2 h6 39. Kf3 Ke7 40. Ke4 Kf6 41. Ba2 Kg5 42. h3 Kf6 43. Bc4 Ke7 44. f4 g6 45. Ke5 f6+ 46. Kd4 Kd6 47. Bd3 g5 48. f5 h5 49. Be4 h4 50. g4 exf5 51. gxf5 Kd7 52. Kd5 Ke7 53. Kc6 Ke8 54. Kd6 Kf7 55. Kd7 1-0

[Event "Capablanca Memorial op 45th"]
[Site "Havana"]
[Date "2010.06.13"]
[Round "4"]
[White "Macias Murillo, Bryan"]
[Black "Abreu Delgado, Aryam"]
[Result "1/2-1/2"]
[WhiteElo "2347"]
[BlackElo "2482"]
[PlyCount "77"]
[EventDate "2010.06.10"]
[EventType "swiss"]
[EventRounds "10"]
[EventCountry "CUB"]
[SourceTitle "CBM 137 Extra"]
[Source "ChessBase"]
[SourceDate "2010.09.01"]
[SourceVersion "1"]
[SourceVersionDate "2010.09.01"]
[SourceQuality "1"]

1. d4 Nf6 2. c4 g6 3. Nf3 Bg7 4. g3 0-0 5. Bg2 d5 6. cxd5 Nxd5 7. 0-0 Nc6 8. Nc3 Bf5 9. Re1 Nxc3 10. bxc3 Qd7 11. Bf4 Rac8 12. d5 Na5 13. Ne5 Qe8 14. e4 Bd7 15. Nxd7 Qxd7 16. Qf3 c6 17. Rac1 cxd5 18. exd5 Nc4 19. h4 Rc5 20. Re2 b6 21. Rce1 Re8 22. Bg5 f6 23. Bf4 Ne5 24. Bxe5 fxe5 25. h5 Rf8 26. Qd3 gxh5 27. Be4 h6 28. Kg2 Rd8 29. Rh1 e6 30. c4 b5 31. Qe3 Rxc4 32. dxe6 Qxe6 33. Qxa7 Ra4 34. Qc7 Rad4 35. Rh4 Qc4 36. Qxc4+ bxc4 37. Rh1 Rd2 38. Rxd2 Rxd2 39. Rc1 1/2-1/2

[Event "Capablanca Memorial op 45th"]
[Site "Havana"]
[Date "2010.06.10"]
[Round "1"]
[White "Moncayo Romero, Evelyn"]
[Black "Macias Murillo, Bryan"]
[Result "1/2-1/2"]
[WhiteElo "2122"]
[BlackElo "2347"]
[PlyCount "108"]
[EventDate "2010.06.10"]
[EventType "swiss"]
[EventRounds "10"]
[EventCountry "CUB"]
[SourceTitle "CBM 137 Extra"]
[Source "ChessBase"]
[SourceDate "2010.09.01"]
[SourceVersion "1"]
[SourceVersionDate "2010.09.01"]
[SourceQuality "1"]

1. e4 c5 2. Nf3 e6 3. d4 cxd4 4. Nxd4 a6 5. Bd3 g6 6. 0-0 Bg7 7. Be3 Nc6 8. c3 Nge7 9. f4 d5 10. e5 0-0 11. Nxc6 Nxc6 12. Nd2 f6 13. exf6 Bxf6 14. Nf3 Bd7 15. Qc2 Qe7 16. Rae1 Qg7 17. Bc5 Rfe8 18. Re2 Rac8 19. Qb3 b5 20. Qa3 e5 21. fxe5 Nxe5 22. Nxe5 Bxe5 23. Bd6 d4 24. Qb3+ Kh8 25. Rf7 Bxd6 26. Rxg7 Kxg7 27. Qd5 Rxe2 28. Bxe2 Rc6 29. cxd4 Be8 30. Bd3 Rc1+ 31. Kf2 Bxh2 32. Qb7+ Bf7 33. d5 Rd1 34. Ke2 Rg1 35. Be4 Bg3 36. Qxa6 Re1+ 37. Kf3 Be5 38. Qxb5 g5 39. a4 g4+ 40. Kxg4 Rxe4+ 41. Kf3 Rd4 42. a5 Rxd5 43. Qb6 Rd2 44. Qe3 Bd5+ 45. Kg4 Rxg2+ 46. Kf5 Bxb2 47. a6 Bf6 48. a7 Rg5+ 49. Kf4 Re5 50. a8Q Bxa8 51. Qa7+ Kg6 52. Qxa8 Rf5+ 53. Ke4 Re5+ 54. Kf4 Rf5+ 1/2-1/2

[Event "Pan American-ch U20"]
[Site "Cali"]
[Date "2010.05.22"]
[Round "4"]
[White "Macias Murillo, Bryan"]
[Black "Bassan, Remo"]
[Result "1-0"]
[WhiteElo "2338"]
[BlackElo "2165"]
[PlyCount "89"]
[EventDate "2010.05.20"]
[EventType "swiss"]
[EventRounds "9"]
[EventCountry "COL"]
[SourceTitle "CBM 136 Extra"]
[Source "ChessBase"]
[SourceDate "2010.07.02"]
[SourceVersion "2"]
[SourceVersionDate "2010.07.15"]
[SourceQuality "1"]

1. Nf3 f5 2. g3 d6 3. d4 g6 4. Bg2 Bg7 5. 0-0 Nf6 6. c4 0-0 7. Nc3 Nc6 8. d5 Ne5 9. Nxe5 dxe5 10. Qb3 Kh8 11. Rd1 h6 12. Bd2 g5 13. Na4 e4 14. Bc3 b6 15. Rac1 Bd7 16. Be5 Qe8 17. Nc3 c5 18. dxc6 Bxc6 19. Nb5 Rc8 20. Nc7 Qf7 21. c5 Qxb3 22. axb3 bxc5 23. Ne6 Rfe8 24. Rxc5 Bb7 25. b4 a6 26. e3 Rxc5 27. bxc5 Bc6 28. b4 Nh5 29. Nxg7 Nxg7 30. Bf1 Ra8 31. Ra1 a5 32. Rxa5 Rxa5 33. bxa5 Kg8 34. Bc4+ Kf8 35. a6 Nh5 36. Be6 Nf6 37. Bxf6 exf6 38. Bxf5 Ke8 39. Bc8 Kd8 40. Bb7 Bxb7 41. axb7 Kc7 42. c6 f5 43. Kf1 h5 44. h4 g4 45. Ke2 1-0